| 000 | 00543nam a22001817a 4500 | ||
|---|---|---|---|
| 003 | OSt | ||
| 008 | 200320b ||||| |||| 00| 0 eng d | ||
| 020 | _a9780485113235 | ||
| 082 | _a615.19 BEP | ||
| 100 | _aBeckett, A. H(ed) | ||
| 245 | _aPractical Pharmaceutical Chemistry Part 2nd | ||
| 250 | _a4th Reprint 2017 | ||
| 260 |
_aNew Delhi _bCBS Publisher _c2007 |
||
| 300 | _aHardcover: 608 pages, Dimensions: 15.6 x 3.3 x 23.4 cm | ||
| 650 | _aPharmaceutical Analysis and Quality Assurance | ||
| 700 | _aStenlake, J. B. | ||
| 942 |
_2ddc _cBK |
||
| 999 |
_c8607 _d8607 |
||